[Event "ICS rated blitz match"]
[Site "204.178.125.65"]
[Date "2000.07.21"]
[Round "?"]
[White "Hossa"]
[Black "Tinker"]
[Result "1-0"]
[WhiteElo "2392"]
[BlackElo "2562"]
[PlyCount "69"]
[EventDate "2000.??.??"]

1. e4 e5 2. Nf3 Nf6 3. Nxe5 Qe7 4. Nf3 Qxe4+ 5. Be2 Nc6 6. Nc3 Qg4 7. Nb5 Kd8
8. O-O d5 9. d3 a6 10. Ne5 Qe6 11. Nxc6+ Qxc6 12. Nd4 Qb6 13. Nb3 Bd6 14. Re1
a5 15. c3 a4 16. Nd2 Be6 17. Nf3 Ra5 18. Qc2 Ng4 19. d4 Kc8 20. Bd2 g6 21. c4
Ra7 22. h3 Nf6 23. c5 Qc6 24. Rac1 Be7 25. Ne5 Qe8 26. c6 Bf5 27. cxb7+ Rxb7
28. Qd1 Rg8 29. Ba6 Ne4 30. Nc6 Bh4 31. g3 Bf6 32. Qxa4 Be6 33. Bxb7+ Kd7 34.
Nb4+ Ke7 35. Nxd5+ 1-0

[Event "ICS rated blitz match"]
[Site "204.178.125.65"]
[Date "2000.07.21"]
[Round "?"]
[White "Tinker"]
[Black "Hossa"]
[Result "0-1"]
[WhiteElo "2539"]
[BlackElo "2415"]
[PlyCount "156"]
[EventDate "2000.??.??"]

1. e4 c5 2. Nf3 d6 3. Bc4 Nf6 4. d3 e6 5. Bb3 Be7 6. O-O O-O 7. Nc3 Nc6 8. Qe2
a6 9. a3 b5 10. Be3 d5 11. e5 Ng4 12. Bf4 f6 13. exf6 Bxf6 14. Bg3 Ra7 15. h3
Nh6 16. Qd2 Nf5 17. Bf4 Ncd4 18. Nxd4 Nxd4 19. Ba2 Raf7 20. Be3 Qc7 21. Bf4 Qc6
22. Nd1 e5 23. Bg3 c4 24. Ne3 Be6 25. c3 Nf5 26. Nxf5 Bxf5 27. Bb1 cxd3 28.
Bxd3 Bc8 29. Rfe1 Qc5 30. Be2 Bf5 31. b4 Qc6 32. Bh5 g6 33. Bd1 Be6 34. Bb3 e4
35. Rac1 Rc8 36. Qe3 Bg7 37. Rc2 Rf5 38. Rec1 Rcf8 39. Qa7 R8f7 40. Qb8+ Bf8
41. Rd2 Rb7 42. Qd8 Re7 43. Re2 Re8 44. Qc7 Rc8 45. Qxc6 Rxc6 46. Bb8 Bh6 47.
Rcc2 Bg7 48. Re3 Rf7 49. Bg3 Rf8 50. Kh2 Rfc8 51. Rd2 Bh6 52. Be5 Re8 53. Ree2
Bf7 54. Bd4 Bf4+ 55. g3 Bxd2 56. Rxd2 h5 57. Kg2 Be6 58. a4 Rc7 59. axb5 axb5
60. Bc5 Rd7 61. Ra2 h4 62. gxh4 Rh7 63. Ra6 Rxh4 64. Rxe6 Rxe6 65. Bxd5 Kf7 66.
c4 e3 67. fxe3 bxc4 68. Kf2 Kf6 69. Bxe6 Kxe6 70. Bd4 Rxh3 71. b5 Kd5 72. b6
Kc6 73. Ke2 Rh4 74. Kd2 Rxd4+ 75. exd4 g5 76. b7 Kxb7 77. d5 Kc7 78. Ke3 Kd6
0-1

[Event "ICS rated blitz match"]
[Site "204.178.125.65"]
[Date "2000.07.21"]
[Round "?"]
[White "PostModernist"]
[Black "Hossa"]
[Result "1/2-1/2"]
[WhiteElo "2564"]
[BlackElo "2436"]
[PlyCount "259"]
[EventDate "2000.??.??"]

1. e4 e5 2. Bc4 Nf6 3. d3 c6 4. Nf3 d5 5. Bb3 Bg4 6. h3 Bxf3 7. Qxf3 dxe4 8.
dxe4 Bc5 9. O-O Qe7 10. Bg5 Nbd7 11. Rd1 O-O-O 12. Nc3 h6 13. Bd2 g5 14. Na4
Bb4 15. c3 Bd6 16. c4 Bb4 17. Be3 Kb8 18. a3 Bd6 19. c5 Bc7 20. Qf5 Rhg8 21. f3
Rg6 22. Ba2 Qe8 23. b4 Qe7 24. Nc3 Nf8 25. Rxd8+ Bxd8 26. Rd1 N8d7 27. b5 Ba5
28. bxc6 bxc6 29. Na4 Rg8 30. Bb3 Kb7 31. Kh1 Ka8 32. Nb2 Rb8 33. Ba4 Rxb2 34.
Bxc6+ Kb8 35. Bxd7 Rb3 36. Bf2 Rb2 37. Bg3 Bc7 38. Bc6 Nh5 39. Bxe5 Bxe5 40.
Rd8+ Qxd8 41. Qxe5+ Kc8 42. Qxb2 Qe7 43. Qd4 Ng3+ 44. Kh2 Ne2 45. Qd6 Qxd6+ 46.
cxd6 f6 47. Bb5 Nd4 48. Ba4 Ne2 49. g3 h5 50. Kg2 Nc3 51. Bc6 Nd1 52. Bb5 Nc3
53. d7+ Kc7 54. Bc6 Nd1 55. a4 Ne3+ 56. Kf2 Nc2 57. e5 fxe5 58. Be4 Nd4 59. Bg6
h4 60. gxh4 gxh4 61. Ke3 Kxd7 62. f4 Ne6 63. fxe5 Kc6 64. Be4+ Kc5 65. Bf5 Nd4
66. Ke4 Nc6 67. Bd7 Na5 68. Kf5 Nc4 69. e6 Kd6 70. Kf6 Ne3 71. Bb5 Nd5+ 72. Kf7
Ne7 73. Bd3 Nc6 74. Kf6 Ne7 75. Bc4 Nc6 76. Bb3 Ne7 77. Ba2 Nc8 78. Bc4 Nb6 79.
Bb3 a5 80. Kf7 Nc8 81. Bc2 Ne7 82. Be4 Nc8 83. Kf6 Ne7 84. Bf5 Ng8+ 85. Kg7 Ne7
86. Bg4 Nc6 87. Kf6 Ne7 88. Bd1 Nd5+ 89. Kf7 Ne7 90. Bf3 Nc8 91. Kf6 Ne7 92.
Be4 Ng8+ 93. Kf7 Ne7 94. Bh7 Nc6 95. Kf6 Ne7 96. Bd3 Ng8+ 97. Kf7 Ne7 98. Bc4
Nf5 99. Bb3 Ne7 100. Bc2 Nc6 101. Kf6 Ne7 102. Bb3 Ng8+ 103. Kg7 Ne7 104. Bc4
Nc6 105. Kf6 Ne7 106. Bb5 Nd5+ 107. Kf7 Ne7 108. Be2 Nc6 109. Kf6 Ne7 110. Bf1
Ng8+ 111. Kf7 Nh6+ 112. Kg7 Nf5+ 113. Kf6 Nh6 114. Bb5 Ng8+ 115. Kg7 Ne7 116.
Bd7 Nd5 117. Kf7 Nc7 118. Bc8 Nd5 119. Ba6 Ne7 120. Bb5 Nf5 121. Bc4 Ne7 122.
Bf1 Nc6 123. Kf6 Ne7 124. Bc4 Ng8+ 125. Kg7 Ne7 126. Ba2 Ke5 127. Kf7 Kd6 128.
Bb1 Nd5 129. Be4 Ne7 130. Kf6 1/2-1/2

[Event "ICS rated blitz match"]
[Site "204.178.125.65"]
[Date "2000.07.22"]
[Round "?"]
[White "Hossa"]
[Black "inmichess"]
[Result "0-1"]
[WhiteElo "2442"]
[BlackElo "2394"]
[PlyCount "138"]
[EventDate "2000.??.??"]

1. e4 e5 2. Nf3 Nc6 3. d4 exd4 4. Nxd4 Nf6 5. Nxc6 bxc6 6. Bd3 d5 7. exd5 cxd5
8. O-O Be7 9. Re1 O-O 10. Nc3 c5 11. Bb5 d4 12. Ne4 Bb7 13. Ng3 Qd5 14. f3 Bd6
15. Qd3 Bxg3 16. hxg3 Qd6 17. Qf5 Qxg3 18. Bf4 Qh4 19. Bg5 Qh5 20. Re5 a6 21.
Bd3 Nd5 22. Qd7 Rab8 23. Qd6 f6 24. Bxf6 Qh6 25. Be7 Nxe7 26. Qxh6 gxh6 27.
Rxe7 Bc6 28. Rc7 Rf6 29. Bxa6 Rxb2 30. Bc4+ Kf8 31. Rc1 Rb7 32. Rxb7 Bxb7 33.
Rb1 Bc6 34. Re1 Bd7 35. Kf2 Rb6 36. Bb3 Bb5 37. Re6 Rxe6 38. Bxe6 h5 39. Bf5 h6
40. g3 Ke7 41. a3 Kf6 42. Be4 Kg5 43. f4+ Kg4 44. Bf3+ Kf5 45. Be2 Ba4 46. Bd3+
Kg4 47. f5 Kg5 48. Be4 c4 49. Ke2 Bb5 50. Kd2 Kf6 51. Ke2 Ke5 52. f6 Kxf6 53.
Bf3 Kg5 54. Be4 h4 55. gxh4+ Kxh4 56. Bg6 h5 57. Bf7 Kg4 58. Kf2 c3 59. Bb3 h4
60. a4 Bc6 61. Ke2 Kf5 62. Kf2 Kf4 63. a5 h3 64. a6 h2 65. Bc4 h1=Q 66. Bd3
Qg2+ 67. Ke1 Bf3 68. Bc4 Qg1+ 69. Bf1 Qg3# 0-1

[Event "ICS rated blitz match"]
[Site "204.178.125.65"]
[Date "2000.07.22"]
[Round "?"]
[White "PostModernist"]
[Black "Hossa"]
[Result "0-1"]
[WhiteElo "2529"]
[BlackElo "2424"]
[PlyCount "126"]
[EventDate "2000.??.??"]

1. d4 Nf6 2. c4 e6 3. Nf3 b6 4. g3 Ba6 5. Nbd2 Bb7 6. Bg2 Be7 7. e4 Nxe4 8. Ne5
d5 9. Qa4+ c6 10. cxd5 exd5 11. Nxe4 dxe4 12. Bxe4 b5 13. Qd1 Bb4+ 14. Kf1 O-O
15. Qd3 g6 16. Bh6 Re8 17. Qb3 Qe7 18. Bg5 Qf8 19. a4 Ba6 20. Kg2 Re6 21. Qf3
Qe8 22. Rhc1 Bf8 23. Rxc6 Nxc6 24. Bxc6 Rxc6 25. Nxc6 bxa4 26. Bf6 Be2 27. Qd5
Rc8 28. Ne5 Rb8 29. Rxa4 Rb6 30. Qd8 Qe6 31. Bg5 Rd6 32. Qa8 f6 33. Bh6 Qd5+
34. Qxd5+ Rxd5 35. Bxf8 Kxf8 36. Nf3 a5 37. h3 Rb5 38. Ra2 Bc4 39. Ra3 Bd5 40.
Rc3 Rxb2 41. Rc5 Be4 42. Rc8+ Kf7 43. Rc7+ Ke6 44. Rc8 f5 45. Rc3 Rd2 46. Ra3
Rxd4 47. g4 fxg4 48. hxg4 a4 49. Kg3 Rd3 50. Rxd3 Bxd3 51. Kf4 a3 52. Nd4+ Kd5
53. Nb3 a2 54. g5 Kc4 55. Ke3 Kxb3 56. Kxd3 a1=Q 57. Ke4 Qe1+ 58. Kf3 Qxf2+ 59.
Kxf2 Kc4 60. Ke3 Kd5 61. Kf4 Kd4 62. Kf3 Ke5 63. Kg4 Ke4 0-1

[Event "ICS rated blitz match"]
[Site "204.178.125.65"]
[Date "2000.07.22"]
[Round "?"]
[White "Hossa"]
[Black "PostModernist"]
[Result "1-0"]
[WhiteElo "2445"]
[BlackElo "2508"]
[PlyCount "133"]
[EventDate "2000.??.??"]

1. e4 g6 2. Nc3 c5 3. d4 d6 4. dxc5 dxc5 5. Qxd8+ Kxd8 6. Bc4 Be6 7. Bxe6 fxe6
8. Nf3 Ke8 9. Be3 Na6 10. O-O-O Bh6 11. Bxh6 Nxh6 12. Rhf1 Nf7 13. Nb5 g5 14.
h3 h5 15. h4 g4 16. Ng1 Ne5 17. f3 Nc4 18. Rfe1 Ne5 19. fxg4 Nxg4 20. Nh3 e5
21. Ng5 Rh6 22. c4 Rf6 23. Re2 Nf2 24. Rdd2 Ng4 25. Re1 Rf2 26. a3 Rxd2 27.
Kxd2 Kd7 28. Kc2 Nc7 29. Rd1+ Kc6 30. Nxc7 Kxc7 31. Rd3 Kc6 32. Nf7 Kb6 33.
Rb3+ Ka6 34. Rf3 Rf8 35. b4 Ne3+ 36. Rxe3 Rxf7 37. Rg3 Rf4 38. Rg6+ b6 39. Kd3
cxb4 40. axb4 Rxh4 41. Re6 Rh2 42. Rxe5 e6 43. Rxe6 Rxg2 44. Rh6 Rg5 45. Ke3
Kb7 46. Rh7+ Kb8 47. Kf4 Rg4+ 48. Kf5 Rh4 49. b5 Rh1 50. e5 h4 51. e6 Rf1+ 52.
Ke5 Rf8 53. Rxh4 Re8 54. Kf6 Rf8+ 55. Kg7 Rf2 56. e7 Rg2+ 57. Kf7 Rf2+ 58. Ke6
Re2+ 59. Kd7 Kb7 60. Rh6 Rd2+ 61. Rd6 Re2 62. e8=Q Rxe8 63. Kxe8 Kb8 64. Ke7
Kb7 65. Rd7+ Ka8 66. Rxa7+ Kxa7 67. Kd6 1-0

[Event "ICS rated standard match"]
[Site "204.178.125.65"]
[Date "2000.07.22"]
[Round "?"]
[White "Hossa"]
[Black "expert101"]
[Result "1-0"]
[WhiteElo "2273"]
[BlackElo "2233"]
[PlyCount "74"]
[EventDate "2000.??.??"]

1. e4 c6 2. d4 d5 3. Nc3 dxe4 4. Nxe4 Nd7 5. Bd3 Ngf6 6. Ng5 e6 7. Ne2 Bd6 8.
O-O O-O 9. Bd2 Re8 10. Ng3 Nf8 11. N3e4 Nxe4 12. Bxe4 Qc7 13. Qh5 h6 14. Nf3
Bf4 15. Bxf4 Qxf4 16. Bd3 Bd7 17. g3 Qf6 18. Ne5 Rad8 19. c3 Bc8 20. Rfe1 Nd7
21. Nxd7 Rxd7 22. Qc5 a6 23. Rad1 Rd5 24. Qb6 Red8 25. Re5 g6 26. f4 Rxe5 27.
fxe5 Qg5 28. Rf1 Rf8 29. Rf2 Qe3 30. Bf1 h5 31. Qc7 Qg5 32. Rf4 Qh6 33. Qe7 Qg7
34. Bd3 Qh6 35. c4 Qg7 36. Rf1 Qh6 37. Kh1 Qe3 {expert101 resigns} 1-0

[Event "ICS Rated standard match"]
[Site "204.178.125.65"]
[Date "2000.07.22"]
[Round "?"]
[White "BrazilianMaster"]
[Black "Hossa"]
[Result "1-0"]
[WhiteElo "2406"]
[BlackElo "2290"]
[PlyCount "177"]
[EventDate "2000.??.??"]

1. e4 e5 2. Bc4 Nf6 3. d4 exd4 4. Nf3 Bb4+ 5. Bd2 Bxd2+ 6. Nbxd2 Nc6 7. O-O O-O
8. Re1 d6 9. Nb3 Re8 10. Nbxd4 Nxe4 11. Nxc6 bxc6 12. Nd4 Qd7 13. Nxc6 Qxc6 14.
Bd5 Qb6 15. Bxa8 Qxf2+ 16. Kh1 Bf5 17. Rf1 Qc5 18. Qf3 g6 19. Bxe4 Rxe4 20. c3
Qb5 21. Rf2 Qe5 22. Kg1 Be6 23. b3 f5 24. Raf1 Bd5 25. Qd3 Bb7 26. c4 Rh4 27.
h3 Re4 28. Qd2 Re3 29. Qb2 Qe7 30. Qd4 a6 31. Qa7 c5 32. Qb6 Kh8 33. Qa5 Bxg2
34. Rxg2 Rxh3 35. Qe1 Re3 36. Qd2 Qe5 37. Qb2 Rc3 38. Qf2 Re3 39. Qf4 Rd3 40.
Qg5 Rh3 41. Qc1 Qd4+ 42. Rff2 Rd3 43. Qg5 Rd1+ 44. Kh2 Qe5+ 45. Rg3 Rb1 46.
Rfg2 Kg7 47. Qd8 Qe6 48. Qc7+ Kh8 49. Qb8+ Kg7 50. Qa7+ Kg8 51. Qxa6 Qe7 52.
Qa8+ Kf7 53. Qd5+ Kf6 54. Rd2 Re1 55. Qxd6+ Re6 56. Qxe7+ Rxe7 57. Rgd3 Kg5 58.
Rd7 Re8 59. Rxh7 Kf4 60. Rg7 Ke3 61. Rd6 Kf3 62. Rdxg6 f4 63. Rg2 Ke3 64. R7g5
f3 65. R2g3 Rh8+ 66. Kg1 Ra8 67. a4 Rf8 68. Rxc5 Rf6 69. Rh5 Rf4 70. Rhh3 Re4
71. Rxf3+ Kd4 72. Rf5 Re6 73. Kf2 Ke4 74. Rfh5 Rf6+ 75. Ke2 Rf8 76. a5 Rf5 77.
Rxf5 Kxf5 78. a6 Kg4 79. Rf3 Kg5 80. a7 Kg6 81. a8=Q Kh5 82. Qa5+ Kg6 83. Qf5+
Kh6 84. Qe6+ Kh5 85. Qf7+ Kg5 86. Qf6+ Kh5 87. Kf2 Kg4 88. Rg3+ Kh5 89. Qh8# {
Hossa checkmated} 1-0

[Event "ICS rated blitz match"]
[Site "204.178.125.65"]
[Date "2000.07.22"]
[Round "?"]
[White "Hossa"]
[Black "PostModernist"]
[Result "1/2-1/2"]
[WhiteElo "2464"]
[BlackElo "2546"]
[PlyCount "208"]
[EventDate "2000.??.??"]

1. e4 c5 2. Nf3 g6 3. d4 cxd4 4. Nxd4 Nc6 5. c4 Nf6 6. Nxc6 dxc6 7. Qxd8+ Kxd8
8. Nc3 Bg7 9. Bf4 Ke8 10. Be2 Nd7 11. O-O-O Bxc3 12. bxc3 b6 13. e5 Bb7 14. Bf3
f6 15. exf6 Nxf6 16. Rhe1 Kf7 17. c5 b5 18. Rd4 a5 19. Bh6 Rhe8 20. Bd1 a4 21.
c4 e5 22. Rd6 Re6 23. Be2 b4 24. Kc2 Rxd6 25. cxd6 Ne4 26. f4 Nxd6 27. c5 Nb5
28. Bc4+ Ke8 29. Rxe5+ Kd7 30. Bg5 Re8 31. Bf7 Nd4+ 32. Kd3 Rxe5 33. fxe5 Ne6
34. Bxe6+ Kxe6 35. Kc4 b3 36. axb3 Ba6+ 37. Kb4 axb3 38. Kxb3 Kxe5 39. Kb4 Bf1
40. g3 Kd5 41. Be3 Bh3 42. Ka5 g5 43. Kb6 g4 44. Bh6 Bf1 45. Bf8 Bb5 46. Kc7
Ke4 47. Kd6 Kf3 48. Bg7 Kg2 49. Be5 Kxh2 50. Ke6 Kg2 51. Bd6 h5 52. Kf5 Kh3 53.
Kf4 h4 54. gxh4 Kxh4 55. Ke3 Kh3 56. Kf2 Bc4 57. Be5 Bd5 58. Bg3 Bb3 59. Bc7
Bf7 60. Be5 Bg8 61. Bd6 Be6 62. Bg3 Bd7 63. Be5 Be8 64. Bf4 Bf7 65. Be5 Bg6 66.
Bf4 Bh7 67. Bb8 Bc2 68. Bc7 Be4 69. Be5 Bf3 70. Bd6 Bg2 71. Bc7 Bh1 72. Bd6 Bf3
73. Bg3 Bd5 74. Bd6 Bh1 75. Be5 Be4 76. Bc7 Bf5 77. Bg3 Bd3 78. Bc7 Bc2 79. Bd6
Bf5 80. Bg3 Bc8 81. Bc7 Ba6 82. Bg3 Be2 83. Bf4 Bd1 84. Bg3 Ba4 85. Bd6 Bb5 86.
Bg3 Ba6 87. Be5 Kh4 88. Bf6+ Kh5 89. Be5 Bc4 90. Bf4 Bd5 91. Kg3 Be4 92. Bd2
Bc2 93. Bf4 Bd3 94. Kf2 Kg6 95. Ke3 Kf5 96. Bd6 Bc4 97. Kd4 Be6 98. Bc7 Bg8 99.
Kd3 Bb3 100. Kd4 Be6 101. Kd3 Bg8 102. Bg3 Ba2 103. Kc2 Bd5 104. Be1 Ke4
1/2-1/2

[Event "ICS rated blitz match"]
[Site "204.178.125.65"]
[Date "2000.07.22"]
[Round "?"]
[White "PostModernist"]
[Black "Hossa"]
[Result "1/2-1/2"]
[WhiteElo "2542"]
[BlackElo "2468"]
[PlyCount "183"]
[EventDate "2000.??.??"]

1. d4 Nf6 2. c4 e6 3. Nf3 b6 4. g3 Ba6 5. Qa4 Bb7 6. Bg2 c5 7. dxc5 Bxc5 8. Nc3
Nc6 9. O-O O-O 10. Bf4 d6 11. Ng5 Qd7 12. Nce4 Nxe4 13. Nxe4 Rad8 14. Nxc5 bxc5
15. Qb5 Ba8 16. Rfd1 Nd4 17. Qxd7 Rxd7 18. Rd2 Bxg2 19. Kxg2 e5 20. Be3 f5 21.
b3 Kf7 22. Bxd4 exd4 23. e3 dxe3 24. fxe3 Re8 25. Rad1 Rxe3 26. Rxd6 Rxd6 27.
Rxd6 Re2+ 28. Kg1 Rxa2 29. Rd5 Ra1+ 30. Kg2 Kf6 31. Rxc5 Rb1 32. Rc6+ Ke5 33.
Rc7 Rb2+ 34. Kg1 Kf6 35. Rxa7 Rxb3 36. Rc7 Rb1+ 37. Kg2 Rb2+ 38. Kg1 Rc2 39. h4
h5 40. c5 g6 41. Rc6+ Kf7 42. Kh1 Kg7 43. Rc8 Kf6 44. Rc6+ Kf7 45. Kg1 Rd2 46.
Rc7+ Kf6 47. Kf1 f4 48. gxf4 Rh2 49. Rc8 Rxh4 50. Kg2 Ke6 51. Kf3 Kd5 52. Rg8
Rg4 53. Rc8 Rg1 54. c6 Rf1+ 55. Kg3 Ra1 56. Rg8 Rc1 57. Rd8+ Ke6 58. Rc8 Rc3+
59. Kf2 h4 60. c7 Kd6 61. Rg8 Kxc7 62. Rxg6 h3 63. Rg3 Rc2+ 64. Kf3 h2 65. Rg7+
Kd6 66. Rh7 Kd5 67. Kg3 Kd6 68. Rxh2 Rxh2 69. Kxh2 Ke6 70. Kg3 Kf6 71. Kg4 Kg6
72. f5+ Kh6 73. Kf4 Kg7 74. Kg5 Kf7 75. f6 Kf8 76. Kg6 Kg8 77. Kg5 Kf8 78. Kg4
Kg8 79. Kf4 Kf8 80. Kg5 Kf7 81. Kf5 Kf8 82. Kg5 Kf7 83. Kf5 Kf8 84. Kf4 Kg8 85.
Ke4 Kf8 86. Kf5 Kf7 87. Ke5 Kf8 88. Kf5 Kf7 89. Ke5 Kf8 90. Ke6 Ke8 91. f7+ Kf8
92. Kf6 {Hossa stalemated} 1/2-1/2

[Event "ICS rated blitz match"]
[Site "204.178.125.65"]
[Date "2000.07.22"]
[Round "?"]
[White "Hossa"]
[Black "PostModernist"]
[Result "0-1"]
[WhiteElo "2471"]
[BlackElo "2539"]
[PlyCount "82"]
[EventDate "2000.??.??"]

1. e4 g6 2. Nc3 Nc6 3. d4 Bg7 4. d5 Nb8 5. Nf3 Nf6 6. Bd3 d6 7. Bf4 e5 8. dxe6
Bxe6 9. Qd2 O-O 10. O-O Ng4 11. h3 Ne5 12. Nxe5 dxe5 13. Bh6 Nc6 14. Rfd1 Qe7
15. Bxg7 Kxg7 16. Nd5 Qd8 17. Nb4 Nxb4 18. Qxb4 Qg5 19. h4 Qxh4 20. Qxb7 Rfc8
21. b4 Qg5 22. Ba6 Bh3 23. Bf1 Bg4 24. Rd5 Rab8 25. Qxa7 Rxb4 26. Rd3 Be6 27.
Rc3 Rxe4 28. Rxc7 Rd8 29. Bd3 Rh4 30. f3 Rdd4 31. Rf1 Qe3+ 32. Rf2 Rh1+ 33.
Kxh1 Qxf2 34. f4 Qxf4 35. Rxf7+ Bxf7 36. g4 Qf3+ 37. Kh2 Rxg4 38. Qxf7+ Kxf7
39. Bc4+ Kf8 40. Bd5 Rg2+ 41. Kh1 Qh3# {Hossa checkmated} 0-1

[Event "ICS rated blitz match"]
[Site "204.178.125.65"]
[Date "2000.07.22"]
[Round "?"]
[White "PostModernist"]
[Black "Hossa"]
[Result "1/2-1/2"]
[WhiteElo "2552"]
[BlackElo "2458"]
[PlyCount "29"]
[EventDate "2000.??.??"]

1. d4 Nf6 2. c4 e6 3. Nf3 b6 4. a3 Bb7 5. Nc3 d5 6. cxd5 exd5 7. g3 Be7 8. Qa4+
c6 9. Bg2 O-O 10. O-O Re8 11. Bf4 Nh5 12. Be3 Nf6 13. Bf4 Nh5 14. Bd2 Nf6 15.
Bf4 1/2-1/2

[Event "ICS rated blitz match"]
[Site "204.178.125.65"]
[Date "2000.07.22"]
[Round "?"]
[White "Hossa"]
[Black "PostModernist"]
[Result "1-0"]
[WhiteElo "2462"]
[BlackElo "2548"]
[PlyCount "129"]
[EventDate "2000.??.??"]

1. d4 Nf6 2. c4 c5 3. d5 g6 4. Nc3 Bg7 5. e4 d6 6. Be2 O-O 7. Bg5 e6 8. Qd2 Qa5
9. Nf3 exd5 10. cxd5 Bg4 11. Bf4 Qb6 12. O-O Re8 13. h3 Bd7 14. Qc2 Na6 15. a3
Nh5 16. Bh2 Bh6 17. Bc4 Nc7 18. a4 a5 19. Rfe1 f6 20. Nd2 Nf4 21. Ne2 Nxe2+ 22.
Rxe2 Na6 23. Qc3 f5 24. e5 Bg7 25. Nf3 Nb4 26. Qb3 Re7 27. Bf4 Rae8 28. e6 Bc8
29. Bg5 Qc7 30. Bxe7 Qxe7 31. Bb5 Rf8 32. Qc4 b6 33. Rd1 Bb7 34. Kh1 Bd4 35.
Nxd4 Bxd5 36. Qc3 cxd4 37. Qxd4 Rb8 38. Bc4 Bxc4 39. Qxc4 d5 40. Qf4 Rd8 41. h4
Re8 42. Kg1 Qf6 43. Qd6 Qd8 44. Qxd8 Rxd8 45. g3 Re8 46. Kg2 Kg7 47. Rc1 Kf6
48. Rc7 Rxe6 49. Rxe6+ Kxe6 50. Rxh7 d4 51. Rh6 Kf7 52. h5 gxh5 53. Rxb6 Nd3
54. Rb5 Ke6 55. Kf1 f4 56. Ke2 fxg3 57. Kxd3 gxf2 58. Ke2 h4 59. Rxa5 h3 60.
Kxf2 Kd6 61. Rh5 Kc6 62. Rxh3 Kb6 63. Rd3 Kc5 64. Rxd4 Kxd4 65. b4 1-0

[Event "ICS rated blitz match"]
[Site "204.178.125.65"]
[Date "2000.07.22"]
[Round "?"]
[White "PostModernist"]
[Black "Hossa"]
[Result "1-0"]
[WhiteElo "2528"]
[BlackElo "2482"]
[PlyCount "77"]
[EventDate "2000.??.??"]

1. d4 Nf6 2. c4 e6 3. Nf3 b6 4. g3 Ba6 5. Nbd2 Bb7 6. Bg2 Be7 7. e4 Nxe4 8. Ne5
d5 9. cxd5 exd5 10. Qa4+ c6 11. Nxe4 f6 12. Nxf6+ Bxf6 13. O-O O-O 14. Re1 Bxe5
15. dxe5 Nd7 16. Qg4 Nc5 17. Bg5 Qe8 18. Bf6 Qf7 19. b4 Nd3 20. Re3 Ba6 21. Bf1
Nxb4 22. Qxb4 Bxf1 23. Rxf1 gxf6 24. e6 Qg7 25. Qd6 Rac8 26. e7 Rfe8 27. Re6 f5
28. Rfe1 Qd4 29. R6e5 Qd2 30. Qe6+ Kh8 31. Rxf5 Qc3 32. Ree5 Qc1+ 33. Kg2 h6
34. Rf6 Qf1+ 35. Kxf1 Rxe7 36. Rxh6+ Rh7 37. Rxh7+ Kxh7 38. Qf7+ Kh8 39. Rh5# {
Hossa checkmated} 1-0

[Event "ICS rated blitz match"]
[Site "204.178.125.65"]
[Date "2000.07.22"]
[Round "?"]
[White "MissSilicon"]
[Black "Hossa"]
[Result "1-0"]
[WhiteElo "2776"]
[BlackElo "2468"]
[PlyCount "65"]
[EventDate "2000.??.??"]

1. e4 e5 2. f4 exf4 3. Nf3 Nf6 4. e5 Ng4 5. h3 Nh6 6. d4 g5 7. Bd3 f6 8. Nc3 d6
9. exf6 Qxf6 10. Qe2+ Kd8 11. Ne4 Qe7 12. Nexg5 Bf5 13. Qxe7+ Kxe7 14. Bxf5
Nxf5 15. Bxf4 h6 16. Ne4 Bg7 17. c3 Ke8 18. O-O Rf8 19. Rae1 Kd7 20. Be5 dxe5
21. Nxe5+ Kc8 22. Ng6 Rg8 23. Rxf5 Bxd4+ 24. cxd4 Rxg6 25. Rf8+ Kd7 26. Nf6+
Kc6 27. Re6+ Kb5 28. d5 Rg7 29. Ne4 Kc4 30. Nc3 b5 31. Rf4+ Kd3 32. Re1 Rf7 33.
Rxf7 {Hossa resigns} 1-0

[Event "ICS rated blitz match"]
[Site "204.178.125.65"]
[Date "2000.07.22"]
[Round "?"]
[White "Hossa"]
[Black "PostModernist"]
[Result "0-1"]
[WhiteElo "2463"]
[BlackElo "2542"]
[PlyCount "94"]
[EventDate "2000.??.??"]

1. d4 Nf6 2. c4 e6 3. Nf3 b6 4. g3 Ba6 5. b3 Bb4+ 6. Bd2 Be7 7. Nc3 d5 8. Bg2
c6 9. cxd5 cxd5 10. Ne5 O-O 11. O-O Nfd7 12. f4 Nxe5 13. fxe5 Nc6 14. Be3 Rc8
15. Qd2 Bb4 16. Rac1 Ne7 17. Bg5 Bxc3 18. Rxc3 Rxc3 19. Qxc3 Bxe2 20. Rf2 Ba6
21. Qc1 h6 22. Bd2 Qd7 23. Bb4 Rc8 24. Qd2 Qc7 25. Ba3 Ng6 26. Bb2 Bb7 27. Bf1
Qe7 28. Bd3 a5 29. g4 Qh4 30. Bxg6 fxg6 31. Qf4 Kh7 32. Ba3 Rc3 33. Kh1 Rd3 34.
Rg2 Qe1+ 35. Rg1 Qe4+ 36. Qxe4 dxe4 37. Kg2 Rd2+ 38. Kh3 Rxa2 39. Bd6 e3 40. b4
e2 41. bxa5 Rd2 42. Bb4 e1=Q 43. Bxd2 Qxg1 44. d5 Ba6 45. g5 Bf1+ 46. Kh4 Qxh2+
47. Kg4 Be2# {Hossa checkmated} 0-1

[Event "ICS Rated standard match"]
[Site "204.178.125.65"]
[Date "2000.07.22"]
[Round "?"]
[White "Hossa"]
[Black "PostModernist"]
[Result "1/2-1/2"]
[WhiteElo "2279"]
[BlackElo "2428"]
[PlyCount "345"]
[EventDate "2000.??.??"]

1. d4 Nf6 2. c4 e6 3. Nf3 Bb4+ 4. Bd2 Qe7 5. g3 Nc6 6. Bg2 Bxd2+ 7. Nbxd2 d6 8.
O-O O-O 9. e3 Bd7 10. Qe2 a5 11. Rfd1 Rfd8 12. a3 a4 13. Qd3 e5 14. Qc2 Bg4 15.
Re1 d5 16. Rac1 Bxf3 17. Nxf3 dxc4 18. Qxc4 e4 19. Nd2 Ra5 20. b4 axb3 21. Nxb3
Rxa3 22. Nc5 Ra7 23. Nxb7 Rxb7 24. Qxc6 Ra7 25. Ra1 Rd6 26. Qc5 Rxa1 27. Rxa1
g6 28. Ra8+ Kg7 29. Qc2 Re6 30. Rc8 Nd5 31. Bf1 f5 32. Qa2 Qd7 33. Qa8 Nf6 34.
Rd8 Qe7 35. Rb8 Nd7 36. Rg8+ Kh6 37. Qb7 Nb6 38. Bb5 Rd6 39. Qb8 Nd5 40. Bf1
Rb6 41. Qf8+ Qxf8 42. Rxf8 Rb1 43. Rf7 Rc1 44. h4 c5 45. Rd7 Nc3 46. dxc5 Na4
47. c6 Rxc6 48. Re7 Nc5 49. Kg2 Rb6 50. Bc4 Rb2 51. Kg1 Nd3 52. g4 Ne1 53. Bg8
Nf3+ 54. Kg2 Nxh4+ 55. Kg3 Kg5 56. Rxh7 Nf3 57. gxf5 Rb8 58. Ba2 gxf5 59. Rg7+
Kf6 60. Rd7 Ne5 61. Rd6+ Kg5 62. Re6 Ng4 63. Ra6 Rb2 64. Bf7 Ne5 65. Be8 Rb3
66. Ra5 Nc4 67. Rc5 Nxe3 68. fxe3 Rxe3+ 69. Kf2 Rd3 70. Bb5 Rd2+ 71. Ke3 Rd8
72. Rc1 Rb8 73. Bc4 Kf6 74. Rd1 Rh8 75. Ra1 Rc8 76. Kd4 Rb8 77. Ra6+ Kg5 78.
Ra2 Rb4 79. Rg2+ Kf6 80. Rg8 e3 81. Kc5 Rb7 82. Rf8+ Kg5 83. Kd4 Rb4 84. Kc3
Ra4 85. Rg8+ Kf4 86. Rg6 Ra7 87. Re6 Ra8 88. Kd4 Rd8+ 89. Bd5 Rd7 90. Re8 Rd6
91. Re7 Ra6 92. Kc4 Ra1 93. Re8 Rc1+ 94. Kb5 Re1 95. Kc5 Rd1 96. Bf7 Rd3 97.
Kc4 Ra3 98. Bd5 Ra2 99. Kc3 Re2 100. Bc4 Rd2 101. Bd3 Ra2 102. Kd4 Ra4+ 103.
Bc4 Rb4 104. Kc3 Rb1 105. Be2 Rb6 106. Re7 Rb8 107. Bc4 Rd8 108. Ba6 Kf3 109.
Bb7+ Ke2 110. Rf7 Rd3+ 111. Kc2 Rd4 112. Rxf5 Rc4+ 113. Kb3 Rc1 114. Kb2 Rc7
115. Bg2 Kd2 116. Rd5+ Ke1 117. Rd3 Kf2 118. Bd5 Rc5 119. Be4 Rc4 120. Ba8 Rc8
121. Bd5 Rc7 122. Kb1 Rc5 123. Ba8 Rc8 124. Be4 Re8 125. Bd5 Rf8 126. Kc2 e2
127. Rd2 Rd8 128. Rxe2+ Kxe2 129. Bc4+ Ke3 130. Kc3 Rc8 131. Kb4 Kd4 132. Bb5
Rb8 133. Ka4 Kc5 134. Bd3 Rb4+ 135. Ka3 Rh4 136. Bf1 Re4 137. Ka2 Rf4 138. Bd3
Kb4 139. Kb1 Kc3 140. Bg6 Rb4+ 141. Ka1 Rb6 142. Bh5 Kc2 143. Bf7 Rd6 144. Bc4
Rd7 145. Be6 Ra7+ 146. Ba2 Rc7 147. Bb1+ Kc1 148. Ba2 Rc3 149. Bd5 Ra3+ 150.
Ba2 Rd3 151. Bc4 Rd4 152. Bb3 Rd7 153. Ba2 Rc7 154. Bb3 Rc5 155. Ba2 Re5 156.
Bb3 Rh5 157. Ba2 Rf5 158. Bb3 Ra5+ 159. Ba2 Rg5 160. Bb3 Rf5 161. Ba2 Rb5 162.
Bc4 Rb4 163. Ba2 Re4 164. Bb3 Re7 165. Ba2 Kc2 166. Bb1+ Kc3 167. Bf5 Kb3 168.
Bd3 Re1+ 169. Bb1 Kc3 170. Ka2 Re2+ 171. Ka1 Kb3 172. Bf5 Re5 173. Bd3 1/2-1/2

[Event "ICS rated standard match"]
[Site "204.178.125.65"]
[Date "2000.07.22"]
[Round "?"]
[White "jessmaster"]
[Black "Hossa"]
[Result "0-1"]
[WhiteElo "2063"]
[BlackElo "2285"]
[PlyCount "84"]
[EventDate "2000.??.??"]

1. e4 g6 2. d4 Bg7 3. c3 d6 4. f4 Nf6 5. Bd3 O-O 6. Nf3 d5 7. e5 Ne4 8. Nbd2
Bf5 9. O-O Nxc3 10. bxc3 Bxd3 11. Rf2 b6 12. Nb3 Bb5 13. f5 gxf5 14. Ba3 c5 15.
Nh4 e6 16. Qh5 f6 17. Re1 Be8 18. Qe2 fxe5 19. g3 e4 20. dxc5 Bxc3 21. Rc1 Bh8
22. cxb6 Rf7 23. Nc5 Qxb6 24. Bb2 Bxb2 25. Qxb2 e3 26. Re2 Qxb2 27. Rxb2 Rc7
28. Rbc2 Rc6 29. Nd3 Rxc2 30. Rxc2 Nc6 31. Nf3 Rb8 32. Nde5 Nxe5 33. Nxe5 Rb1+
34. Kg2 Bb5 35. Kf3 e2 36. Kf4 Rb4+ 37. Kg5 e1=Q 38. Kf6 Bc4 39. a3 Rb8 40. Nd7
Rb7 41. Ne5 Qe3 42. Kxe6 Rb6+ {jessmaster resigns} 0-1